El rapto de Europa: una interpretación histórica de nuestro tiempo
שמור ב:
| מחבר ראשי: | |
|---|---|
| פורמט: | ספר |
| שפה: | ספרדית |
| יצא לאור: |
Madrid
Revista de Occidente
1954
|
| נושאים: | |
| תגים: |
הוספת תג
אין תגיות, היה/י הראשונ/ה לתייג את הרשומה!
|
MARC
| LEADER | 00000nam a2200000 a 4500 | ||
|---|---|---|---|
| 001 | UCV9372 | ||
| 003 | CL-VaPUC | ||
| 008 | 920825e19540000SP |||||||||||||||||spa|d | ||
| 082 | 0 | 4 | |a 940.28 |b DIE |2 21 |
| 100 | |a Díez del Corral, Luis |e author |9 435486 | ||
| 245 | 1 | 3 | |a El rapto de Europa: una interpretación histórica de nuestro tiempo |
| 300 | |a 350 p | ||
| 942 | |c BK | ||
| 945 | |d 19920825 00:00:00 | ||
| 260 | |a Madrid |b Revista de Occidente |c 1954 | ||
| 650 | 0 | |a Historia |9 255047 | |
| 651 | 0 | |a Europa |9 255156 | |
| 583 | |a last modification |c 19920825 00:00:00 |k Rodrigo Vera | ||
| 999 | |c 214720 |d 214718 | ||
| 952 | |0 0 |1 0 |4 0 |6 940_280000000000000_DIE_1954 |7 0 |8 P |9 198387 |a BIBARQ |b BIBARQ |d 2019-11-14 |i 2658631 |o 940.28 DIE 1954 |p 2658631 |r 2025-01-20 |w 2019-11-14 |y BK |k ARQ | ||
| 952 | |0 0 |1 0 |4 0 |6 940_280000000000000_DIE_1954 |7 0 |8 A |9 198388 |a BIBHIS |b BIBHIS |d 2019-11-14 |i 1382004 |o 940.28 DIE 1954 |p 1382004 |r 2025-01-20 |w 2019-11-14 |y BK |k HIS | ||
| 952 | |0 0 |1 0 |4 0 |6 940_280000000000000_DIE_1954 |7 0 |8 A |9 198389 |a BIBHIS |b BIBHIS |d 2019-11-14 |i 1382012 |o 940.28 DIE 1954 |p 1382012 |r 2025-01-20 |w 2019-11-14 |y BK |k HIS | ||